Sports Quiz

Random Sports or WWE Quiz
Score 0/204 Timer 20:00
0 Plays Today
First KOTR Answer % Correct
1989Big Boss Man
83%
1987'Macho Man' Randy Savage
82.8%
1987Honky Tonk Man
78.1%
1991Undertaker
77.4%
1994Jerry 'The King' Lawler
77.4%
1988'Million Dollar Man' Ted DiBiase
75.1%
1991Bret 'Hitman'Hart
73%
19941-2-3 Kid/X-Pac
73%
1994Owen Hart
72.8%
1988Shawn Michaels
72.5%
1997Hunter Hearst-Helmsley/Triple H
72.5%
1993Papa Shango/Kama/Kama Mustafa/The Godfather
71%
1993Fatu/Rikishi
69.9%
1993Billy Gunn
69.7%
1996'Stone Cold' Steve Austin
69.2%
1993Bart Gunn/Bodacious Bart
67.1%
1998The Rock
66.3%
1995The Roadie/'Road Dogg' Jesse James
66.1%
1987Jake 'The Snake' Roberts
65.8%
1991Animal
65.3%
1994Sparky Plugg/Bob Holly/Bombastic Bob/Hardcore Holly
64.3%
1986'Rowdy' Roddy Piper
63.8%
1991Hawk
63.2%
1993Yokozuna
63.2%
1989Jim 'The Anvil' Neidhart
63%
1985Hulk Hogan
62.7%
1993Razor Ramon
62.7%
1994Mabel/Viscera
62.2%
1994Diesel
61.2%
1988'Hacksaw' Jim Duggan
60.9%
1993Crush
60.9%
1988Bad News Brown
60.7%
1993Bam Bam Bigelow
60.7%
1994Jeff Jarrett
60.7%
1996Justin 'Hawk' Bradshaw/Bradshaw
60.7%
1998D-Lo Brown
60.4%
1998Mark Henry
60.2%
1993Mr Perfect
59.6%
1993Lex Luger
59.4%
1993Scott Steiner
58.9%
1997Faarooq
58.9%
1996Goldust
58.6%
199Mankind
58.6%
1986Davey Boy Smith/British Bulldog
58.4%
1993Rick Steiner
58.4%
1986Mike Rotundo/IRS
58.1%
1998Ken Shamrock
58.1%
1989Bushwhacker Luke
57.8%
1991Sid Justice/Sycho Sid
57.8%
1993Samu
57.8%
1989Dusty Rhodes
57.6%
1993Doink The Clown
57.3%
1989'Superfly' Jimmy Snuka
57.1%
1993Tatanka
57.1%
1996Ultimate Warrior
56.8%
1998Steve Blackman
56.8%
1995Savio Vega
55%
1998Brian Christopher/Grandmaster Sexay
55%
1988Marty Jannetty
54.8%
1996Ahmed Johnson
54.8%
1998Scott Taylor/Scotty 2 Hotty
54.8%
1986'King' Harley Race
54%
1993Bob Backlund
53.5%
1993Typhoon
53%
1986Dynamite Kid
52.7%
1987Haku
52.4%
1996Vader
52.4%
1991Brian Knobbs
52.2%
First KOTR Answer % Correct
1993Kamala
52.2%
1991Skinner
51.9%
1987King Kong Bundy
51.7%
1989Bushwhacker Butrch
51.7%
1991Jerry Sags
51.7%
1994Adam Bomb
51.7%
1993Mr Hughes
51.4%
1999Edge
51.4%
1996Henry O.Godwinn
50.9%
1993Giant Gonzales
50.4%
1988The Barbarian
50.1%
1996Phineas I.Godwinn
50.1%
1998Kane
50.1%
1987Rick Martel
49.9%
1987One Man Gang/Akeem
49.9%
1986Brutus Beefcake
49.6%
1996Marc Mero
49.6%
1995Duke 'The Dumpster' Droese
49.4%
1989The Warlord
49.1%
1985'Cowboy' Bob Orton
48.8%
1995Mantaur
48.8%
1985Nikolai Volkoff
48.3%
1988Hercules
48.3%
1988Virgil
48.3%
1998Headbanger Mosh
48.1%
1999Christian
48.1%
1985Greg 'The Hammer' Valentine
47.8%
1999Jeff Hardy
47.8%
1994Pierre
47.6%
1996Bodydonna Skip
47.6%
1998Headbanger Thrasher
47.6%
1999Matt Hardy
47.6%
1985Tito Santana
47.3%
1986Mr X/'Dangerous' Danny Davis
47.3%
1988Dino Bravo
47%
1998Dan 'The Beast' Severn
47%
1985Don Muraco
46.8%
1999Big Show
46.8%
1988Boris Zhukov
46.5%
1985Ricky Steamboat
46.3%
1994Kwang
46.3%
2000Kurt Angle
46.3%
1991The Berzerker
46%
1998Sho Funaki
46%
2000Chris Jericho
46%
2000Chris Benoit
45.8%
1985Junkyard Dog
45.5%
1995Jacob Blu
45.5%
2010Sheamus
45.5%
1998Taka Michinoku
45.2%
1987SD Jones
45%
1985Iron Sheik
44.7%
1999Test
44.7%
1991Beau Beverly
44.5%
1991Blake Beverly
44.5%
1999Chyna
44.5%
2000D-Von Dudley
44.5%
2000Bubba Ray Dudley
44%
2002Brock Lesnar
44%
2002Booker T
43.7%
1989Bill Woods
43.4%
2000Eddie Guerrero
43.4%
1985'Jumpin'' Jim Brunzell
43.2%
1988'Iron' Mike Sharpe
43.2%
1991Pete Doherty
43.2%
2000Albert
43.2%
2015Bad News Barrett
43.2%
1988Red Rooster
42.9%
First KOTR Answer % Correct
1999Shane McMahon
42.7%
1987'Outlaw' Ron Bass
42.4%
1988Ken Patera
42.4%
1999Val Venis
42.4%
2000Crash Holly
42.4%
1998Al Snow
42.2%
2006Randy Orton
42.2%
1985Terry Funk
41.9%
2010Ted Dibiase
41.9%
2001Spike Dudley
41.6%
1987Sika
41.4%
1998Dick Togo
41.4%
1999Mr McMahon
41.4%
1986George 'The Animal' Steele
40.4%
1998Scorpio
40.1%
1998Mens Teioh
40.1%
2002Rob Van Dam
40.1%
2010Cody Rhodes/Stardust
40.1%
2002William Regal
39.8%
1986Bruno Sammartino
39.6%
2000Perry Saturn
39.6%
2000Dean Malenko
39.1%
2002Ric Flair
39.1%
2010Alberto Del Rio
39.1%
1985Paul Orndorff
38.8%
1985B. Brian Blair
38.8%
2002Molly Holly
38.8%
2008CM Punk
38.8%
2000Bull Buchanan
38.6%
2015Dolph Ziggler
37.8%
2001Rhyno
36.8%
2010John Morrison
36.2%
2010Rey Mysterio
36.2%
1986Billy Jack Haynes
35.5%
2010Kofi Kingston
35.5%
2008The Great Khali
35.2%
2010Daniel Bryan
35%
1986Dan Spivey
34.7%
2015Dean Ambrose
34.7%
1986The Designated Hitman
33.9%
1985Pedro Morales
33.7%
2001Raven
33.7%
2010R-Truth
33.7%
2015Neville
33.2%
2001Tazz
32.9%
2008MVP
32.9%
2001Tajiri
32.6%
1999Droz
32.4%
2006Finlay
32.4%
2010Jack Swagger
32.4%
2000Pat Patterson
31.6%
2002The Hurricane
31.4%
2015Luke Harper
30.8%
1986Rudy Diamond
30.6%
2006Lashley
30.6%
2000Gerald Brisco
30.1%
2002Jamie Noble
30.1%
2010Drew McIntyre
29.3%
1985Steve Lombardi
28.3%
2010Tyson Kidd
28%
2002Trish Stratus
27.8%
1985The Spoiler
27.5%
2008Hornswoggle
27.2%
2010Ezekiel Jackson
27%
1985Johnny V
26.5%
1985Les Thornton
25.7%
2000Tori
25.4%
2010Alex Riley
25.2%
Come Together.
Have Fun.
All Virtual.
We all need to come together. Play Sporcle's virtual live trivia to have fun, connect with people, and get your trivia on. Join a live hosted trivia game for your favorite pub trivia experience done virtually. If a virtual private party is more your thing, go here for details.

You're not logged in!

Compare scores with friends on all Sporcle quizzes.
OR
Log In

Sporcle TV

Today on Sporcle TV


Watch our educational content, quiz creation guides, and fun videos on Sporcle TV.

Show Comments

Extras

Created Jan 27, 2016ReportNominate
Tags:WWE Quiz, competitor, King, Ring, The Ring

Top Quizzes Today


Score Distribution

Paid Content

Your Account Isn't Verified!

In order to create a playlist on Sporcle, you need to verify the email address you used during registration. Go to your Sporcle Settings to finish the process.

Report this User

Report this user for behavior that violates our Community Guidelines.

Details: